Štatistická ročenka ...

Bibliographic Details
Format: Journal
Language:Slovak
PhysicalDescription:zv. 21 cm
Published: Martin Zväz československých filatelistov [1986]-[1988]
Subjects:

MARC

LEADER 00000cas a2200000 a 4500
001 vtls001201494
003 SK-MaSNL
005 20260425194205.0
008 180815d19861988xo ar|p 0 0b0slo
035 |a SNK000144564 
040 |a SNK  |b slo  |c SNK  |e AACR2 
041 0 |a slo 
043 |a e-xo--- 
044 |a xo  |c SK 
072 7 |a 656.8  |x Poštové služby a správa  |2 konspekt 
080 |a 656.835.91  |2 2011 
080 |a (437.6)  |2 2011 
080 |a 050  |2 2001 
080 |a (058)  |2 2011 
245 0 0 |a Štatistická ročenka ... 
260 |a Martin  |b Zväz československých filatelistov  |c [1986]-[1988] 
300 |a zv.  |c 21 cm 
310 |a 1x ročne 
362 0 |a [1986]-[1988] 
650 0 7 |a filatelia  |2 SNKPH  |9 13203 
651 7 |a Martin (Slovensko)  |2 SNKPHgeo  |9 16875 
655 7 |a ročenky  |2 SNKPH  |9 57146 
850 |a Slovenská národná knižnica v Martine 
910 |a snk 
958 |a OND 
999 |c 6478  |d 8408 
952 |a SNK  |b SNK  |y PREZ  |7 0  |p 17A0297240  |o snkČSD 1359/1987 D1  |0 0  |1 0  |4 0  |d 2001-04-11  |l 0  |r 2005-01-01 00:00:00  |w 2026-02-21 
952 |a SNK  |b SNK  |y PREZ  |7 0  |p 17A0175275  |o snkČSD 1359/1988/7  |0 0  |1 0  |4 0  |d 1999-01-05  |l 0  |r 2005-01-01 00:00:00  |w 2026-02-21 
952 |a SNK  |b SNK  |y PREZ  |7 0  |p 17A0188058  |o snkČSD 1359/1988/7 D1  |0 0  |1 0  |4 0  |d 1999-04-23  |l 0  |r 2005-01-01 00:00:00  |w 2026-02-21 
952 |a SNK  |b SNK  |y PREZ  |7 0  |p 17A0202939  |o snkČSD 1359/1986  |0 0  |1 0  |4 0  |d 1999-07-14  |l 0  |r 2005-01-02 00:00:00  |w 2026-02-21 
952 |a SNK  |b SNK  |y PREZ  |7 0  |p 17A0297238  |o snkČSD 1359/1986 D1  |0 0  |1 0  |4 0  |d 2001-04-11  |l 0  |r 2005-01-02 00:00:00  |w 2026-02-21